MARC details
| 000 -LEADER |
| fixed length control field |
03323cgm a2200517Ia 4500 |
| 005 - DATE AND TIME OF LATEST TRANSACTION |
| control field |
20260322212025.0 |
| 007 - PHYSICAL DESCRIPTION FIXED FIELD--GENERAL INFORMATION |
| fixed length control field |
data |
| 008 - FIXED-LENGTH DATA ELEMENTS--GENERAL INFORMATION |
| fixed length control field |
data |
| 020 ## - INTERNATIONAL STANDARD BOOK NUMBER |
| International Standard Book Number |
1419818228 |
| 020 ## - INTERNATIONAL STANDARD BOOK NUMBER |
| International Standard Book Number |
9781419818226 |
| 024 1# - OTHER STANDARD IDENTIFIER |
| Standard number or code |
012569736573 |
| 028 42 - PUBLISHER OR DISTRIBUTOR NUMBER |
| Publisher or distributor number |
73657 |
| Source |
Warner Home Video |
| 040 ## - CATALOGING SOURCE |
| Original cataloging agency |
TEFMT |
| Transcribing agency |
TEFMT |
| Modifying agency |
CtY |
| -- |
RCS |
| -- |
DRB |
| -- |
CtY |
| 041 1# - LANGUAGE CODE |
| Language code of text/sound track or separate title |
eng |
| Language code of summary or abstract |
spa |
| -- |
fre |
| -- |
spa |
| Language code of original |
fre |
| -- |
fre |
| 043 ## - GEOGRAPHIC AREA CODE |
| Geographic area code |
t------ |
| 049 ## - LOCAL HOLDINGS (OCLC) |
| Holding library |
YUSS |
| 050 14 - LIBRARY OF CONGRESS CALL NUMBER |
| Classification number |
QL696.S473 |
| Item number |
.M37 2005 |
| 099 ## - LOCAL FREE-TEXT CALL NUMBER (OCLC) |
| Classification number |
DVD 777 |
| 001 - CONTROL NUMBER |
| control field |
data |
| 245 00 - TITLE STATEMENT |
| Title |
March of the penguins |
| Medium |
[videorecording] / |
| Statement of responsibility, etc. |
Bonne Pioche ; Buena Vista International Film Production France ; Canal+ ; APC ; L'Institut Polare Français Paul Enice Victor ; produced by Yves Darondeau, Christophe Lioud, Emmanuel Priou ; story by Luc Jacquet ; narration writer, Jordan Roberts ; directed by Luc Jacquet. |
| 246 1# - VARYING FORM OF TITLE |
| Display text |
Also known as: |
| Title proper/short title |
Marche de l'empereur |
| 250 ## - EDITION STATEMENT |
| Edition statement |
Widescreen ed. |
| 260 ## - PUBLICATION, DISTRIBUTION, ETC. |
| Place of publication, distribution, etc. |
Burbank, CA : |
| Name of publisher, distributor, etc. |
Warner Home Video, |
| Date of publication, distribution, etc. |
c2005. |
| 300 ## - PHYSICAL DESCRIPTION |
| Extent |
1 videodisc (ca. 80 min.) : |
| Other physical details |
sd., col. ; |
| Dimensions |
4 3/4 in. |
| 500 ## - GENERAL NOTE |
| General note |
Originally released as a motion picture in 2005. |
| 500 ## - GENERAL NOTE |
| General note |
Special features: "Crittercam: Emperor penguins" documentary; "Of men and penguins" documentary; "8 ball Bunny": a classic Warner Bros. animation short with Bugs Bunny and a penguin. |
| 508 ## - CREATION/PRODUCTION CREDITS NOTE |
| Creation/production credits note |
Directors of photography, Laurent Chalet, Jérôme Maison ; narrator, Morgan Freeman ; editor, Sabine Emiliani ; music, Alex Wurman. |
| 520 ## - SUMMARY, ETC. |
| Summary, etc. |
In the Antarctic, every March for eons the quest begins to find the perfect mate and start a family. This courtship will begin with a long journey - a journey that will take them hundreds of miles across the continent by foot, one by one in a single file. They will endure freezing temperatures, in brittle, icy winds and through deep, treacherous waters, risking starvation and attack by dangerous predators, under the harshest conditions on earth. |
| 521 8# - TARGET AUDIENCE NOTE |
| Target audience note |
MPAA rating: G. |
| 538 ## - SYSTEM DETAILS NOTE |
| System details note |
DVD, region 1, widescreen (1.85:1) presentation; Dolby Digital 5.1 surround. |
| 546 ## - LANGUAGE NOTE |
| Language note |
English dialogue with optional French or Spanish subtitles; closed-captioned. |
| 590 ## - LOCAL NOTE (RLIN) |
| Local note |
MPAA rating: G. |
| 590 ## - LOCAL NOTE (RLIN) |
| Local note |
Narration: Morgan Freeman. |
| 590 ## - LOCAL NOTE (RLIN) |
| Local note |
Special features: "Crittercam: Emperor penguins" documentary; "Of men and penguins" documentary; "8 ball Bunny": a classic WB animation short with Bugs Bunny and a penguin. |
| 590 ## - LOCAL NOTE (RLIN) |
| Local note |
Title from container. |
| 592 ## - |
| -- |
In the Antarctic, every March since the beginning of time, the quest begins to find the perfect mate and start a family. This courtship will begin with a long journey - a journey that will take them hundreds of miles across the continent by foot, one by one in a single file. They will endure freezing temperatures, in brittle, icy winds and through deep, treacherous waters. They will risk starvation and attack by dangerous predators, under the harshest conditions on earth, all to find true love. |
| 650 #0 - SUBJECT ADDED ENTRY--TOPICAL TERM |
| Topical term or geographic name entry element |
Emperor penguin |
| Geographic subdivision |
Antarctica. |
| 650 #0 - SUBJECT ADDED ENTRY--TOPICAL TERM |
| Topical term or geographic name entry element |
Penguins |
| Geographic subdivision |
Antarctica |
| General subdivision |
Sexual behavior. |
| 650 #0 - SUBJECT ADDED ENTRY--TOPICAL TERM |
| Topical term or geographic name entry element |
Parental behavior in animals |
| Geographic subdivision |
Antarctica. |
| 650 #0 - SUBJECT ADDED ENTRY--TOPICAL TERM |
| Topical term or geographic name entry element |
Documentary films |
| Geographic subdivision |
France. |
| 650 #0 - SUBJECT ADDED ENTRY--TOPICAL TERM |
| Topical term or geographic name entry element |
Feature films |
| Geographic subdivision |
France. |
| 650 #0 - SUBJECT ADDED ENTRY--TOPICAL TERM |
| Topical term or geographic name entry element |
Video recordings for the hearing impaired. |
| 700 1# - ADDED ENTRY--PERSONAL NAME |
| Personal name |
Jacquet, Luc. |
| 700 1# - ADDED ENTRY--PERSONAL NAME |
| Personal name |
Freeman, Morgan. |
| 710 2# - ADDED ENTRY--CORPORATE NAME |
| Corporate name or jurisdiction name as entry element |
Warner Home Video (Firm) |